Incumplimiento del contrato y lucro cesante (Record no. 184250)

MARC details
000 -LEADER
campo de control de longitud fija 01159nam a2200265 i 4500
001 - NÚMERO DE CONTROL
campo de control 184250
003 - IDENTIFICADOR DE NÚMERO DE CONTROL
campo de control ES-MaACL
005 - FECHA Y HORA DE LA ÚLTIMA TRANSACCIÓN
campo de control 20250809233218.0
008 - DATOS DE LONGITUD FIJA--INFORMACIÓN GENERAL
campo de control de longitud fija 150529s2010 sp |||| | spa d
020 ## - NÚMERO INTERNACIONAL ESTÁNDAR DEL LIBRO
Número Internacional Estándar del Libro 978-84-613-7553-0
080 ## - NÚMERO DE LA CLASIFICACIÓN DECIMAL UNIVERSAL
Número de la Clasificación Decimal Universal 347.426(460)
080 ## - NÚMERO DE LA CLASIFICACIÓN DECIMAL UNIVERSAL
Número de la Clasificación Decimal Universal 347.447.7(460)
100 1# - ENTRADA PRINCIPAL--NOMBRE DE PERSONA
Nombre de persona Morales Moreno, Antonio-Manuel.
9 (RLIN) 83056
245 10 - MENCIÓN DEL TÍTULO
Título Incumplimiento del contrato y lucro cesante
Resto del título : discurso leído el día 8 de febrero de 2010 en el acto de su recepción pública como académico de número por el Excmo. Sr. D. Antonio Manuel Morales Moreno, y contestación del Excmo. Sr. D. Luis Díez-Picazo y Ponce de León.
260 ## - PUBLICACIÓN, DISTRIBUCIÓN, ETC.
Lugar de publicación, distribución, etc. Madrid :
Nombre del editor, distribuidor, etc. Real Academia de Jurisprudencia y Legislación,
Fecha de publicación, distribución, etc. 2010.
300 ## - DESCRIPCIÓN FÍSICA
Extensión 200 p. ;
Dimensiones 24 cm.
650 #7 - PUNTO DE ACCESO ADICIONAL DE MATERIA--TÉRMINO DE MATERIA
Término de materia o nombre geográfico como elemento de entrada Lucro cesante-
Subdivisión geográfica España.
9 (RLIN) 156920
650 #7 - PUNTO DE ACCESO ADICIONAL DE MATERIA--TÉRMINO DE MATERIA
Término de materia o nombre geográfico como elemento de entrada Incumplimiento de contrato.
9 (RLIN) 156416
650 #4 - PUNTO DE ACCESO ADICIONAL DE MATERIA--TÉRMINO DE MATERIA
Término de materia o nombre geográfico como elemento de entrada Daños y perjuicios.
9 (RLIN) 152591
700 1# - ENTRADA AGREGADA--NOMBRE PERSONAL
Nombre de persona Díez-Picazo, Luis,
Fechas asociadas al nombre 1931-
9 (RLIN) 156922
852 ## - LOCALIZACIÓN
Ubicación ES-MaACL
Número de control de estantería A-13491
itemnumber 191235
Sublocalización o colección R.150275
Ubicación en estantería Depósito 1
Signatura antigua Olim: N-6491
Donativo/Legado Donación: Antonio Morales
903 ## - NOMBRE PERSONAL DE DONANTE
9 83056
a Morales Moreno, Antonio-Manuel
e Donante
942 ## - ELEMENTOS DE ENTRADA SECUNDARIOS (KOHA)
Fuente del sistema de clasificación o colocación Clasificación decimal universal
Tipo de ítem Koha Libro impreso
Holdings
Estatus retirado Estado de pérdida Fuente del sistema de clasificación o colocación Estado de daño No para préstamo Biblioteca de origen Biblioteca actual Ubicación en estantería Fecha de adquisición Fuente de adquisición Total de préstamos Signatura topográfica completa Código de barras Visto por última vez Precio de reemplazo Tipo de ítem Koha
    Clasificación decimal universal     Biblioteca del Ateneo de Madrid Biblioteca del Ateneo de Madrid Depósito 1 29/05/2015 Donación   A-13491 1193812 23/02/2023 23/02/2023 Libro impreso